Velázquez

Salvato in:
Dettagli Bibliografici
Natura: Libro
Lingua:spagnolo
Pubblicazione: Madrid Revista de Occidente 1959
Serie:Colección el Arquero
Soggetti:
Tags: Aggiungi Tag
Nessun Tag, puoi essere il primo ad aggiungerne!!

MARC

LEADER 00000nam a2200000 a 4500
001 UCU4987
003 CL-VaPUC
008 960531e19590000SP |||||||||||||||||spa|d
082 0 4 |a 927  |b ORT  |2 21 
245 1 0 |a Velázquez 
300 |a 239 p 
942 |c BK 
945 |d 19960531 00:00:00  |a rleighto 
260 |a Madrid  |b Revista de Occidente  |c 1959 
600 0 7 |a VELAZQUEZ, DIEGO DE  |2 CL-VaPUC  |9 269210 
650 0 |a Biografías  |9 255210 
650 0 |a Artistas   |9 262026 
583 |a last modification  |c 20160602 17:23:53  |k Rodrigo Vera 
490 0 |a Colección el Arquero 
999 |c 248509  |d 248507 
952 |0 0  |1 0  |4 0  |6 927_000000000000000_ORT_1959  |7 0  |8 A  |9 265184  |a BIBEDU  |b BIBEDU  |d 2019-11-19  |i 3205614  |o 927 ORT 1959  |p 3205614  |r 2019-11-19  |w 2019-11-19  |y BK  |k FIL